| 000 | 00798nas a2200301 4500 | ||
|---|---|---|---|
| 001 | BR8104237 | ||
| 003 | BR-BrBNA | ||
| 005 | 20231205084832.0 | ||
| 007 | ta | ||
| 008 | 230509b bl.|||p| |||| 00| 00por d | ||
| 040 |
_aBR-BrBNA _bpor _cBiblioteca Nacional de Agricultura |
||
| 041 | _a(Pt) | ||
| 072 | _aP12; F27 | ||
| 100 | 1 | _aRodriguez, F.A. | |
| 245 | 1 | _aIrrigacao de graos [Arroz; Milho; Soja; Trigo; Sorgo; Feijao] | |
| 650 | _aCULTIVO DO SOLO | ||
| 650 | _aARROZ | ||
| 650 | _aMILHO | ||
| 650 | _aSOJA | ||
| 650 | _aTRIGO | ||
| 650 | _aSORGO | ||
| 650 | _aFEIJAO | ||
| 650 | _aAGUA | ||
| 650 | _aCULTURA IRRIGADA | ||
| 773 | 0 |
_tLavoura (Brazil) _xISSN 0023-9135 _g(Sep 1981), v. 84 p. 36-43 _wBR8104237 |
|
| 909 |
_a202311 _bLúcia _c55 _dLúcia Elande |
||
| 942 |
_2AGRIS _n0 _cANA |
||
| 999 |
_c107590 _d107590 |
||